00510 2200181 4500001002100000005001500021008004100036020002200077035001900099041000700118082001200125090001800137100002300155245006500178260004100243300002700284650001700311INLIS00000000001356220241224114559241224||||||||| | ||| |||| || |  a978-979-769-679-9 0010-1224013562 aid0 a320.014 a320.014 MUC d0 aMuchamad Yuliyanto00aDINAMIKA KOMUNIKASI POLITIK DAN PEMBANGUNAN DI ERA DEMOKRASI aJakartabRaja Grafindo Persadac2014 axix+193hlm;13,5x21,5cm 0aIlmu Politik